000 00756nam a2200229Ia 4500
001 8848
003 GE_BSU
008 181216s||||||||xx |||||||||||||| ||und||
040 _cGE_BSU
080 _a821.353.1-32
100 _aკანდელაკი,ნანა
245 _aნაბიჯები დიდ გზაზე
245 _bმოთხრობები
245 _cრედ:ნ.ლორთქიფანიძე,მხატვ:ჯ.ყაველაშვილი
260 _aთბილისი
260 _bნაკადული
260 _c1980
300 _a212გვ,20სმ
653 _aმოთხრობები
653 _aნაბიჯები დიდ გზაზე
942 _cBK
999 _c42155
_d42155